Beszerzési logisztika megvalósulása a Matusz-Vad Zrt. vonatkozásában
| Main Author: | |
|---|---|
| Other Authors: | |
| Format: | Project work |
| Kulcsszavak: | árubeszerzés beszállító-értékelés beszerzés beszerzési stratégia beszerzési tevékenység |
| Online Access: | http://dolgozattar.uni-bge.hu/59790 |
MARC
| LEADER | 00000nnm a2200000 i 4500 | ||
|---|---|---|---|
| 001 | dolg59790 | ||
| 005 | 20260409145552.0 | ||
| 008 | 260409suuuu hu o 000 hun d | ||
| 040 | |a BGE Dolgozattár Repozitórium |b hun | ||
| 041 | |a hu | ||
| 100 | 1 | |a Kovács Dániel | |
| 245 | 1 | 0 | |a Beszerzési logisztika megvalósulása a Matusz-Vad Zrt. vonatkozásában |c Kovács Dániel |h [elektronikus dokumentum] |
| 516 | |a Project_work | ||
| 520 | 3 | |a Munkámban a Matusz-Vad Zrt-n keresztül mutatom be a beszerzési logisztika folyamatait, működését és versenyképességének és üzembiztonsága megtartása mellet.Ezenkívül kitérek még az üzleti kapcsolattartás fontosságára és a beszállítók értékelésére vállalati szempontok szerint.Bemutatom továbbá a vállalat áru érkeztetési és raktározási modelljét, folyamatait és sajátosságait.Végezetül a kutatás főbb tanulságait foglalom össze és a jövőbeni fejlesztési pontokat tárom fel.A projektmunkám a saját munkaköröm és tapasztalataim alapján készítettem el. | |
| 695 | |a árubeszerzés | ||
| 695 | |a beszállító-értékelés | ||
| 695 | |a beszerzés | ||
| 695 | |a beszerzési stratégia | ||
| 695 | |a beszerzési tevékenység | ||
| 700 | 1 | |a Domboróczky Dr. Zoltán |e ths | |
| 856 | 4 | 0 | |u http://dolgozattar.uni-bge.hu/59790/1/Projektmunka_Kov%C3%A1cs%20D%C3%A1niel_UUWFF6%20%29.pdf |z Dokumentum-elérés |
| 856 | 4 | 0 | |u http://dolgozattar.uni-bge.hu/59790/2/Titkos%C3%ADt%C3%A1si%20k%C3%A9relem%20%281%29.pdf |z Dokumentum-elérés |
| 856 | 4 | 0 | |u http://dolgozattar.uni-bge.hu/59790/3/Kov%C3%A1cs_D%C3%A1niel_KM%20FOSZK%20b%C3%ADr%C3%A1lati%20lap.pdf |z Dokumentum-elérés |